000 00768nam a22002057a 4500
999 _c11426
_d11426
003 AR-CdUCM
008 190404b ||||| |||| 00| 0 spa d
040 _aMUNICIPALIDAD PROVINCIAL DEL CUSCO
_cBIBLIOTECA MUNICIPAL DEL CUSCO
082 _a330.7 /
_bT59 / 1941
100 _aTiravanti, Felipe H.
_928780
245 _aEconomía política aplicada al Perú /
260 _aLima :
_bLibr. e Impr. D. Miranda,
_c1941.
300 _a247 páginas ;
_c21 cm.
505 _aContenido: Economía política -- Carácter científico de la economía política -- Utilidad y valor -- Fenomenología -- Factores de la producción -- Trabajo ...
650 _aEconomía
_9382
650 _aProducción
_91785
650 _aTrabajo
_94726
942 _2ddc
_cLIBROS
945 _aacv